| 000 | 00340nam a2200145Ia 4500 | ||
|---|---|---|---|
| 005 | 20251222175924.0 | ||
| 008 | 251222s9999||||xx |||||||||||||| ||spa|| | ||
| 020 | _a8497932323 | ||
| 082 | _a813.6/L67 | ||
| 100 | _aLiss, David | ||
| 245 | 0 | _aEl Mercader de Café | |
| 250 | _a6ta.ed | ||
| 264 | _bDebolsillo Editores, S.A. | ||
| 942 | _cLIB | ||
| 999 |
_c40771 _d40771 |
||